01805nam a2200397Ia 4500001001200000003000800012006001900020007001500039008004100054010001700095020003100112020001800143040002100161035002100182050002900203082001500232245024200247246011600489260004300605300005000648490003000698504004100728533015200769650004000921650003800961650003900999650003701038655002901075700003101104700003301135700003001168710001701198830004901215856012601264999001701390ebr10685353CaPaEBRm u cr cn|||||||||121207s2013 dcuab sb 000 0 eng d z 2012047954 z9780821397688 (alk. paper) z9780821397695 aCaPaEBRcCaPaEBR a(OCoLC)84016212014aS600.64.E852bL66 2013eb04a632/.122300aLooking beyond the horizonh[electronic resource] :bhow climate change impacts and adaptation responses will reshape agriculture in Eastern Europe and Central Asia /cWilliam R. Sutton, Jitendra P. Srivastava, James E. Neumann, editors.30aHow climate change impacts and adaptation responses will reshape agriculture in Eastern Europe and Central Asia aWashington, D.C. :bWorld Bank,c2013. axx, 177 p. :bill. (chiefly col.), col. maps.1 aDirections in development aIncludes bibliographical references. aElectronic reproduction.bPalo Alto, Calif. :cebrary,d2013.nAvailable via World Wide Web.nAccess may be limited to ebrary affiliated libraries. 0aCrops and climatezEurope, Eastern. 0aCrops and climatezAsia, Central. 0aClimatic changeszEurope, Eastern. 0aClimatic changeszAsia, Central. 7aElectronic books.2local1 aSutton, William R.,d1967-1 aSrivastava, Jitendra,d1940-1 aNeumann, James E.,d1962-2 aebrary, Inc. 0aDirections in development (Washington, D.C.)40uhttp://site.ebrary.com/lib/rucke/Doc?id=10685353zAn electronic book accessible through the World Wide Web; click to view c30503d30503